Essays in modern English church history : in memory of Norman Sykes /

Bibliographic Details
Main Author: Bennett, Gareth Vaughan
Other Authors: Walsh, John Dixon, Sykes, Norman, 1897-1961
Format: Book
Language:English
Published: London : Black, 1966.
Subjects:

MARC

Tag First Indicator Second Indicator Subfields
LEADER 00000cam a2200000 4500
001 in00000038086
005 20151007080822.0
008 790608s1966 enkac b 01110 eng
010 |a  66002355  
035 |a (OCoLC)05048682 
035 |9 AAF5430AM 
040 |a DLC  |c VPI  |d TXA  |d UtOrBLW 
049 |a TXAM  |c [460945] 
050 0 |a BR755  |b .B4 1966a 
092 |a 283.42  |b B471e 
100 1 |a Bennett, Gareth Vaughan. 
245 1 0 |a Essays in modern English church history :  |b in memory of Norman Sykes /  |c edited by G. V. Bennett & J. D. Walsh. 
264 1 |a London :  |b Black,  |c 1966. 
300 |a x, 227 pages :  |b frontispiece (portrait) ;  |c 23 cm. 
336 |a text  |b txt  |2 rdacontent 
337 |a unmediated  |b n  |2 rdamedia 
338 |a volume  |b nc  |2 rdacarrier 
500 |a "A select list of the books, articles, and principal reviews written by Norman Sykes" : pages 217-220. 
504 |a Bibliographical footnotes. 
600 1 0 |a Sykes, Norman,  |d 1897-1961. 
650 0 |a Festschriften. 
651 0 |a Great Britain  |x Church history  |y 20th century. 
700 1 |a Walsh, John Dixon. 
700 1 |a Sykes, Norman,  |d 1897-1961. 
999 |a MARS 
999 f f |s 11120071-66b0-39f7-8334-58cb28c1595e  |i 0605aba6-4c89-3e94-b31e-234ba5de3500  |t 0 
952 f f |p normal  |a Texas A&M University  |b College Station  |c Sterling C. Evans Library  |d Evans: Library Stacks  |t 0  |e BR755 .B4 1966a  |h Library of Congress classification  |i unmediated -- volume  |m A14800623677 
998 f f |a BR755 .B4 1966a  |t 0  |l Evans: Library Stacks